Text book of Medical Physiology (Record no. 8844)
[ view plain ]
| 000 -LEADER | |
|---|---|
| fixed length control field | 00490nam a2200169Ia 4500 |
| 020 ## - INTERNATIONAL STANDARD BOOK NUMBER | |
| International Standard Book Number | 9788131242537 |
| 082 ## - DEWEY DECIMAL CLASSIFICATION NUMBER | |
| Classification number | 612.0076 |
| Author Mark | KHU |
| 100 ## - MAIN ENTRY--PERSONAL NAME | |
| Author Name | Indu Khurana |
| 245 #0 - TITLE STATEMENT | |
| Title | Text book of Medical Physiology |
| 250 ## - EDITION STATEMENT | |
| Edition statement | 2nd |
| 260 ## - PUBLICATION, DISTRIBUTION, ETC. | |
| Date of publication, distribution, etc. | 2015 |
| Place of publication, distribution, etc. | ELSEVIER |
| Name of publisher, distributor, etc. | 2015 |
| 300 ## - PHYSICAL DESCRIPTION | |
| No of Pages | xiii, 1289 |
| illustrations | ILL |
| Dimensions | 28CM |
| 504 ## - BIBLIOGRAPHY, ETC. NOTE | |
| Bibliography, Index, etc. note | INCLUDE: INDEX , REFERENCES |
| 650 ## - SUBJECT ADDED ENTRY--TOPICAL TERM | |
| Subject | Physiology |
| Keywords | Nursing |
| -- | CELL PHYSIOLOGY |
| -- | GENETICS |
| -- | MEMBRANE POTENTIAL |
| -- | IMDC |
| 942 ## - ADDED ENTRY ELEMENTS (KOHA) | |
| Koha item type | Books |
| Source of classification or shelving scheme | |
| 952 ## - LOCATION AND ITEM INFORMATION (KOHA) | |
| -- | 2018-03-16 |
| 952 ## - LOCATION AND ITEM INFORMATION (KOHA) | |
| -- | 2019-04-03 |
| 952 ## - LOCATION AND ITEM INFORMATION (KOHA) | |
| -- | 2019-04-03 |
| 952 ## - LOCATION AND ITEM INFORMATION (KOHA) | |
| -- | 2019-04-03 |
| Item status | Home library | Current library | Shelving location | Date acquired | Total Checkouts | Full call number | Barcode | Date last seen | Koha item type | Checked out | Date last checked out |
|---|---|---|---|---|---|---|---|---|---|---|---|
| Islamabad Medical and Dental College | Islamabad Medical and Dental College | Islamabad Medical and Dental College | 16/03/2018 | 612.0076 KHU | 10194 | 16/03/2018 | Books | ||||
| Islamabad Medical and Dental College | Islamabad Medical and Dental College | Islamabad Medical and Dental College | 16/03/2018 | 612.0076 KHU | 10196 | 16/03/2018 | Books | ||||
| Islamabad Medical and Dental College | Islamabad Medical and Dental College | Islamabad Medical and Dental College | 16/03/2018 | 1 | 612.0076 KHU | 10556 | 02/07/2018 | Books | 16/07/2018 | 02/07/2018 | |
| Islamabad Medical and Dental College | Islamabad Medical and Dental College | Islamabad Medical and Dental College | 16/03/2018 | 612.0076 KHU | 10628 | 16/03/2018 | Books | ||||
| Islamabad Medical and Dental College | Islamabad Medical and Dental College | Islamabad Medical and Dental College | 03/04/2019 | 612.0076 KHU | 10195 | 03/04/2019 | Books | ||||
| Islamabad Medical and Dental College | Islamabad Medical and Dental College | Islamabad Medical and Dental College | 03/04/2019 | 612.0076 KHU | 10197 | 03/04/2019 | Books | ||||
| Islamabad Medical and Dental College | Islamabad Medical and Dental College | Islamabad Medical and Dental College | 03/04/2019 | 1 | 612.0076 KHU | 10198 | 13/10/2021 | Books | 28/09/2021 |
